[Event "Moscow op-B"]
[Site "Moscow"]
[Date "2009.11.20"]
[Round "1"]
[White "Valiev, Emil"]
[Black "Shein, Andrey"]
[Result "1-0"]
[WhiteElo "2058"]
[BlackElo "1400"]
[PlyCount "81"]
[EventDate "2009.01.31"]
[EventType "swiss"]
[EventRounds "9"]
[EventCountry "RUS"]
[SourceTitle "EXT 2012"]
[Source "ChessBase"]
[SourceDate "2011.11.24"]
[SourceVersion "1"]
[SourceVersionDate "2011.11.24"]
[SourceQuality "1"]

1. e4 e6 2. d4 d5 3. Nc3 Bb4 4. e5 Bxc3+ 5. bxc3 Ne7 6. Nf3 0-0 7. c4 dxc4 8. Bxc4 Nbc6 9. Ba3 Re8 10. 0-0 Nf5 11. c3 a6 12. Rb1 Nh4 13. Bd3 Nxf3+ 14. Qxf3 Qh4 15. Be4 Na5 16. Bb4 Nc4 17. Rfd1 Rb8 18. Qe2 b5 19. Rd3 Bb7 20. Bxb7 Rxb7 21. Qf3 Reb8 22. Qc6 a5 23. Bc5 Qd8 24. a3 Qd5 25. Qxd5 exd5 26. Re1 c6 27. e6 fxe6 28. Rxe6 Kf7 29. Rxc6 Re8 30. Rf3+ Kg8 31. Re6 Rc8 32. h3 Rf7 33. Rxf7 Kxf7 34. Re7+ Kg6 35. Rb7 Nxa3 36. Bxa3 Rxc3 37. Bf8 b4 38. Rxg7+ Kf5 39. Ra7 b3 40. Ba3 a4 41. Rxa4 1-0

[Event "Moscow op-B"]
[Site "Moscow"]
[Date "2009.02.06"]
[Round "7"]
[White "Valiev, Emil"]
[Black "Savin, Boris"]
[Result "0-1"]
[WhiteElo "2058"]
[BlackElo "2189"]
[PlyCount "54"]
[EventDate "2009.01.31"]
[EventType "swiss"]
[EventRounds "9"]
[EventCountry "RUS"]
[SourceTitle "EXT 2012"]
[Source "ChessBase"]
[SourceDate "2011.11.24"]
[SourceVersion "1"]
[SourceVersionDate "2011.11.24"]
[SourceQuality "1"]

1. e4 g6 2. d4 Bg7 3. Nc3 d6 4. Nf3 Bg4 5. Be2 Nc6 6. Be3 e5 7. d5 Nce7 8. h3 Bxf3 9. Bxf3 f5 10. exf5 gxf5 11. Bg5 Nf6 12. Bxf6 Bxf6 13. Qe2 0-0 14. 0-0 e4 15. Nxe4 fxe4 16. Bxe4 Qe8 17. c4 Qf7 18. Rad1 Rae8 19. Qc2 Be5 20. g3 Nf5 21. Kg2 Kh8 22. Bxf5 Qxf5 23. Qxf5 Rxf5 24. Rfe1 Rff8 25. b3 Bc3 26. Rxe8 Rxe8 27. Rc1 Bg7 0-1